000 00982nabaa22002177a 4500
999 _c6200
_d6200
003 OSt
005 20260125203823.0
008 190701b xxu||||| |||| 00| 0 spa d
040 _cPJ
100 _96932
_aDelpiazzo, Carlos E.
245 1 0 _aEquilibrio entre la rigidez constitucional y la mutabilidad del derecho administrativo /
_cCarlos E. Delpiazzo.
300 _ap. 8-17
500 _aCita: TR LALEY AR/DOC/2732/2024
505 _aSumario: I. Objeto.— II. La experiencia uruguaya.— III. Equilibrio entre rigidez y mutabilidad.— IV. Desafíos actuales.— V. Conclusión.
505 _t¿Te interesa el texto completo? Comunicate al correo: koha@justierradelfuego.gov.ar
650 0 _9211
_aDERECHO ADMINISTRATIVO
650 0 _9178
_aDERECHO CONSTITUCIONAL
650 0 _9872
_aINTERPRETACION CONSTITUCIONAL
773 0 _02842
_93251
_dBuenos Aires : AbeledoPerrot, 2012-
_oDA121
_tDerecho administrativo. Nº 156 noviembre/diciembre 2024
_z18510590
942 _2udc
_cANA